| 000 | 00500nam a22001457a 4500 | ||
|---|---|---|---|
| 008 | 230605b xxu||||| |||| 00| 0 eng d | ||
| 020 | _a0904979318 | ||
| 082 |
_a328.33 _bSCT |
||
| 110 | _bThe Society of Clerks-at-theTable in Commonwealth Parliaments | ||
| 245 |
_aThe Journal of the Society of Clerks-At-The-Table in Commonwealth Parliaments _bThe Table |
||
| 260 |
_aLondon _bThe Society of Clerks-at-theTable in Commonwealth Parliaments _c2006 |
||
| 300 | _a216p | ||
| 440 | _v74 | ||
| 942 |
_2ddc _cBK |
||
| 999 |
_c411 _d411 |
||